000
nam a22 7a 4500
999
_c
234678
_d
234678
003
Nust
005
20170329125400.0
008
170329b xxu||||| |||| 00| 0 eng d
040
_c
DLC
082
_a
388.068 AAS
245
_a
Transportation Invest in Our Future : revenue sources to fund transportation needs
942
_2
ddc
_c
BK